[Event "Faxe Dags EMT 2017"]
[Site "Faxe"]
[Date "2017.04.05"]
[Round "1.1"]
[White "Arnkilde, Anders"]
[Black "Refsgaard, Kaj"]
[Result "1-0"]
[WhiteElo "1974"]
[BlackElo "1625"]
[PlyCount "167"]
[EventDate "2017.??.??"]

1. e4 c5 2. Nf3 Nc6 3. d4 cxd4 4. Nxd4 g6 5. Nc3 Bg7 6. Nxc6 bxc6 7. Bc4 d6 8.
O-O Nf6 9. e5 dxe5 10. Qe2 Qc7 11. Re1 Bf5 12. Be3 O-O 13. Bc5 Rfe8 14. h3 Nd7
15. Ba3 Nb6 16. Bd3 Bxd3 17. cxd3 Nd5 18. Ne4 Rab8 19. Rac1 Red8 20. Nc5 Rb5
21. Rc4 e6 22. Rec1 Bh6 23. R1c2 Nb6 24. Re4 Bg7 25. b3 Nd5 26. Bb2 Nf4 27. Qe3
Nd5 28. Qc1 Nf4 29. d4 Bh6 30. Qe1 Qe7 31. Rxe5 Rxc5 32. dxc5 Nd3 33. Qe2 Nxe5
34. Qxe5 Rd1+ 35. Kh2 f6 36. Qxf6 Qxf6 37. Bxf6 Kf7 38. Be5 Rd5 39. Bd6 e5 40.
Re2 Ke6 41. g3 a6 42. Kg2 Kf5 43. g4+ Ke6 44. Re4 Bf4 45. Ra4 Rd2 46. Rxa6 Kd5
47. Ra7 Be3 48. Kf3 Bxf2 49. Re7 e4+ 50. Kf4 Bxc5 51. Bxc5 Kxc5 52. Re5+ Kd6
53. Rxe4 Rxa2 54. Kg5 Ra5+ 55. Kh6 Ra7 56. Re8 Rb7 57. Re3 Kd5 58. Rc3 Kd6 59.
h4 Rb4 60. Rg3 Rb7 61. Rd3+ Ke6 62. Rc3 Kd6 63. Kg5 Rf7 64. Rd3+ Kc7 65. Rd4
Kb6 66. Rd8 Rb7 67. Kh6 Kc5 68. Rh8 Rxb3 69. Kxh7 Kd6 70. Kxg6 c5 71. Rc8 Rb6
72. Ra8 c4 73. Ra1 Ke5+ 74. Kg5 Ke4 75. h5 Rb5+ 76. Kh4 c3 77. h6 Rb6 78. g5
Kf5 79. Kh5 Rb2 80. Rf1+ Ke6 81. h7 Re2 82. Kg6 Rh2 83. Re1+ Kd6 84. Kg7 1-0

[Event "Faxe Dags EMT 2017"]
[Site "Faxe"]
[Date "2017.04.05"]
[Round "1.2"]
[White "Pedersen, Kim Bjorn"]
[Black "Andersen, Bjarne Hjorth"]
[Result "1/2-1/2"]
[WhiteElo "1609"]
[BlackElo "1914"]
[PlyCount "64"]
[EventDate "2017.??.??"]

1. d4 Nf6 2. c4 d6 3. Nc3 Bf5 4. Nf3 h6 5. e3 Nbd7 6. Bd3 Bxd3 7. Qxd3 c6 8. b3
Qc7 9. O-O e5 10. Bb2 Be7 11. Rac1 Rd8 12. Rfd1 O-O 13. Qc2 Rfe8 14. d5 Bf8 15.
e4 a6 16. Rd2 c5 17. Qd1 Be7 18. Qe2 Nh7 19. Rdc2 Ndf8 20. Rf1 Ng6 21. Bc1 Qd7
22. Ne1 Bg5 23. Nd3 Nf4 24. Nxf4 exf4 25. Qf3 f5 26. Re2 Nf6 27. Bxf4 fxe4 28.
Qe3 Qf5 29. Bxg5 hxg5 30. f3 exf3 31. Qxf3 Qxf3 32. Rxf3 Rxe2 1/2-1/2

[Event "Faxe Dags EMT 2017"]
[Site "Faxe"]
[Date "2017.04.05"]
[Round "1.3"]
[White "Petersen, Bent"]
[Black "Andersen, Hans E"]
[Result "1/2-1/2"]
[WhiteElo "1885"]
[BlackElo "1574"]
[PlyCount "112"]
[EventDate "2017.??.??"]

1. d4 Nf6 2. c4 d5 3. Nc3 c6 4. Nf3 h6 5. e3 Bg4 6. cxd5 Nxd5 7. Qb3 Qb6 8.
Nxd5 Qxb3 9. Nc7+ Kd7 10. axb3 Kxc7 11. Ne5 Be6 12. Bc4 Bxc4 13. bxc4 f6 14.
Ng6 Rg8 15. b3 e6 16. Ke2 Nd7 17. Bb2 b6 18. Rhd1 Bd6 19. Ba3 c5 20. Rd2 Rgd8
21. Rad1 Nf8 22. Nf4 Bxf4 23. exf4 cxd4 24. Rxd4 Rxd4 25. Rxd4 Nd7 26. Kf3 a5
27. Re4 Re8 28. h4 f5 29. Re2 h5 30. Rd2 Nc5 31. Bxc5 bxc5 32. Ke3 Rb8 33. Rd3
g6 34. Ke2 Rd8 35. Rg3 Rg8 36. Kd3 Kd7 37. Kc3 Ke7 38. Kb2 Kf7 39. Ka3 Rb8 40.
Ka4 Rb4+ 41. Ka3 Kf6 42. Re3 Ke7 43. Rd3 Rb8 44. Re3 Rb4 45. Kb2 a4 46. Rc3
axb3 47. Rc1 Kf6 48. Kc3 b2 49. Rb1 e5 50. g3 exf4 51. gxf4 Ke6 52. Rxb2 Rxb2
53. Kxb2 Kd6 54. Kb3 Kc6 55. Ka4 Kb6 56. Kb3 Ka5 1/2-1/2

[Event "Faxe Dags EMT 2017"]
[Site "Faxe"]
[Date "2017.04.05"]
[Round "1.4"]
[White "Gregor, Jan"]
[Black "Nielsen, Per Henrik Axel"]
[Result "1-0"]
[WhiteElo "1530"]
[BlackElo "1874"]
[PlyCount "41"]
[EventDate "2017.??.??"]

1. e4 c5 2. Nf3 a6 3. d4 cxd4 4. Nxd4 Nf6 5. Nc3 e5 6. Nb3 Bb4 7. Bd2 O-O 8.
Bd3 Nc6 9. a3 Bxc3 10. Bxc3 d5 11. exd5 Nxd5 12. Qh5 g6 13. Qe2 Nxc3 14. bxc3
Qc7 15. O-O Kg7 16. Rab1 Re8 17. Be4 Rb8 18. Qc4 Be6 19. Qc5 f6 20. Na5 Qxa5
21. Rxb7+ 1-0

[Event "Faxe Dags EMT 2017"]
[Site "Faxe"]
[Date "2017.04.05"]
[Round "1.5"]
[White "Heidelbach, John"]
[Black "Hansen, Borge"]
[Result "1/2-1/2"]
[WhiteElo "1866"]
[BlackElo "1523"]
[PlyCount "53"]
[EventDate "2017.??.??"]

1. Nf3 d5 2. d3 e6 3. c3 Nf6 4. Qc2 Be7 5. e4 dxe4 6. dxe4 O-O 7. Be2 b6 8. O-O
c5 9. Bf4 Bb7 10. Nbd2 Nbd7 11. h3 h6 12. Rfe1 Re8 13. Bf1 Nh7 14. Nc4 Qc8 15.
Rad1 Ng5 16. Bxg5 hxg5 17. Nd6 Bxd6 18. Rxd6 f6 19. Bb5 Re7 20. Red1 Nf8 21.
Bc4 Qc7 22. Qe2 Bc6 23. e5 Rae8 24. Rxc6 Qxc6 25. Bb5 Qc8 26. Bxe8 Qxe8 27. Nd2
1/2-1/2

[Event "Faxe Dags EMT 2017"]
[Site "Faxe"]
[Date "2017.04.05"]
[Round "1.6"]
[White "Adrian, Michael"]
[Black "Zachariassen, John"]
[Result "1/2-1/2"]
[WhiteElo "1505"]
[BlackElo "1834"]
[PlyCount "47"]
[EventDate "2017.??.??"]

1. d4 Nf6 2. e3 d6 3. Bd3 Nbd7 4. f4 e5 5. f5 e4 6. Be2 h5 7. Nh3 d5 8. Nf4 Bd6
9. O-O c6 10. c4 Nf8 11. Qb3 Bc7 12. Nc3 Bxf4 13. Rxf4 Qd6 14. Bd2 g5 15. fxg6
Nxg6 16. Rf2 Ng4 17. Bxg4 hxg4 18. g3 dxc4 19. Qxc4 Be6 20. Qf1 O-O-O 21. Nxe4
Qc7 22. Ng5 Rd7 23. Nxe6 fxe6 24. Qe2 1/2-1/2

[Event "Faxe Dags EMT 2017"]
[Site "Faxe"]
[Date "2017.04.05"]
[Round "1.7"]
[White "Lindskov, Villy"]
[Black "Mathiasen, Gunnar"]
[Result "1-0"]
[WhiteElo "1755"]
[BlackElo "1494"]
[PlyCount "71"]
[EventDate "2017.??.??"]

1. e4 e5 2. f4 d6 3. Nf3 Nc6 4. Bb5 exf4 5. d4 Bd7 6. Bxf4 a6 7. Bd3 Be7 8. O-O
Bg4 9. c3 Qd7 10. Nbd2 h6 11. Qe1 O-O-O 12. b4 Na7 13. a4 Bg5 14. Bg3 Nf6 15.
h3 Bxf3 16. Nxf3 Rhe8 17. e5 Kb8 18. Nxg5 hxg5 19. Qd2 Nh5 20. Bh2 dxe5 21.
Qxg5 g6 22. Bxe5 Nc6 23. Bh2 Ng7 24. Bc4 Re7 25. a5 Rde8 26. b5 Nxd4 27. bxa6
Nge6 28. Bxe6 Rxe6 29. cxd4 Qxd4+ 30. Kh1 Rxa6 31. Rac1 Rc6 32. Rxc6 bxc6 33.
Rb1+ Kc8 34. Qg3 Re7 35. Qa3 Rd7 36. a6 1-0

[Event "Faxe Dags EMT 2017"]
[Site "Faxe"]
[Date "2017.04.05"]
[Round "1.8"]
[White "Jakobsen, Henning"]
[Black "Nielsen, Kurt Sogaard"]
[Result "1-0"]
[WhiteElo "1352"]
[BlackElo "1710"]
[PlyCount "105"]
[EventDate "2017.??.??"]

1. d4 Nf6 2. c4 d5 3. Nc3 c6 4. Nf3 g6 5. Bg5 Bg7 6. e3 O-O 7. Be2 Be6 8. O-O
dxc4 9. a4 a6 10. Ne5 Nbd7 11. Nxc4 b5 12. axb5 cxb5 13. Na5 Nb6 14. Nb7 Qc7
15. Nc5 Bc8 16. Bf3 Ra7 17. Bf4 Qd8 18. Bb8 Rb7 19. Bxb7 Bxb7 20. Nxb7 Qxb8 21.
Nc5 b4 22. Nxa6 Qd6 23. Nb5 Qc6 24. Nbc7 Rd8 25. Rc1 Qe4 26. Nxb4 e5 27. Nc6
Rd6 28. Nxe5 Nh5 29. Qf3 Qxf3 30. Nxf3 Nf6 31. Nb5 Rd8 32. Rc6 Nbd5 33. Rfc1 h6
34. Rc8 Rxc8 35. Rxc8+ Kh7 36. Nd6 Ne7 37. Ra8 Nfd5 38. Nxf7 Bf6 39. N3e5 h5
40. Nd7 Bg7 41. h4 Nc7 42. Ra7 Ned5 43. Nde5 Ne6 44. Ra6 Ndc7 45. Rc6 Bf6 46.
Ng5+ Bxg5 47. hxg5 Kg7 48. Rd6 Nf8 49. Nd7 Nfe6 50. d5 Nxg5 51. Ne5 Ne4 52.
Rd7+ Kf6 53. f4 1-0

[Event "Faxe Dags EMT 2017"]
[Site "Faxe"]
[Date "2017.04.05"]
[Round "1.9"]
[White "Sorensen, Lindved"]
[Black "Skotte, Niels Peder"]
[Result "1-0"]
[WhiteElo "1695"]
[BlackElo "1333"]
[PlyCount "55"]
[EventDate "2017.??.??"]

1. Nf3 Nf6 2. c4 d6 3. g3 c6 4. Bg2 e5 5. d3 Be7 6. O-O Nbd7 7. b4 Rb8 8. Bb2
Qc7 9. Nbd2 a6 10. Qb3 h6 11. Nh4 b5 12. Nf5 Kf8 13. Rac1 c5 14. f4 cxb4 15.
Nxe7 Kxe7 16. fxe5 dxe5 17. Qxb4+ Kd8 18. c5 Re8 19. Ne4 Nxe4 20. Bxe4 Nf6 21.
Rfd1 Re7 22. d4 Nxe4 23. dxe5+ Ke8 24. Qxe4 Bb7 25. c6 Ba8 26. Qh7 Rxe5 27. Rd7
Qb6+ 28. Bd4 1-0

[Event "Faxe Dags EMT 2017"]
[Site "Faxe"]
[Date "2017.04.05"]
[Round "1.10"]
[White "Larsen, Poul Erik"]
[Black "Hansen, Aage"]
[Result "0-1"]
[WhiteElo "1300"]
[BlackElo "1676"]
[PlyCount "70"]
[EventDate "2017.??.??"]

1. Nf3 d5 2. d4 Bf5 3. Nc3 e6 4. e3 Nf6 5. Bd3 Bg6 6. Qe2 Bb4 7. Bd2 Nbd7 8.
Bxg6 hxg6 9. O-O-O a5 10. a3 Bxc3 11. Bxc3 Ne4 12. Rd3 c5 13. Qe1 c4 14. Rd1 b5
15. Nd2 Nxc3 16. bxc3 Qe7 17. Nb1 O-O 18. h4 Rfb8 19. e4 Nf6 20. f3 b4 21. axb4
axb4 22. Kd2 Ra2 23. cxb4 Qxb4+ 24. Nc3 Ra3 25. Qe3 dxe4 26. Rb1 Qd6 27. Rxb8+
Qxb8 28. Rb1 Qg3 29. Qe2 Qf4+ 30. Qe3 Qxe3+ 31. Kxe3 Rxc3+ 32. Kd2 Ra3 33. Rb8+
Kh7 34. Rf8 exf3 35. gxf3 Rxf3 0-1

[Event "Faxe Dags EMT 2017"]
[Site "Faxe"]
[Date "2017.04.05"]
[Round "1.11"]
[White "Alic, Ohran"]
[Black "Frederiksen, Helge"]
[Result "1-0"]
[WhiteElo "1660"]
[BlackElo "1296"]
[PlyCount "81"]
[EventDate "2017.??.??"]

1. e4 e5 2. Nf3 Nc6 3. d4 exd4 4. Nxd4 Nxd4 5. Qxd4 d6 6. Nc3 Be6 7. Be3 Nf6 8.
h3 Be7 9. Bc4 a6 10. a4 Qd7 11. Bxe6 Qxe6 12. Nd5 Nxd5 13. Qxd5 c6 14. Qxe6
fxe6 15. O-O Bf6 16. c3 Kf7 17. Rfd1 Rad8 18. Bb6 Rd7 19. f4 e5 20. f5 Bd8 21.
Be3 c5 22. Bxc5 Bc7 23. Rd5 Ke7 24. Rad1 Rhd8 25. Be3 h6 26. Kf2 Rf8 27. c4 Rf6
28. c5 g5 29. cxd6+ Bxd6 30. Kf3 Rc7 31. Bd2 Rc5 32. Bc3 b6 33. Rxc5 bxc5 34.
Rd5 a5 35. Bxa5 c4 36. Bc3 Kf7 37. a5 Ke7 38. Bxe5 Bxe5 39. Rxe5+ Kd7 40. Re6
Rf8 41. Rxh6 1-0

[Event "Faxe Dags EMT 2017"]
[Site "Faxe"]
[Date "2017.04.05"]
[Round "1.13"]
[White "Laursen, Kurt Kjaer"]
[Black "Meldal, Peter"]
[Result "1-0"]
[WhiteElo "1629"]
[BlackElo "1158"]
[PlyCount "105"]
[EventDate "2017.??.??"]

1. e4 e5 2. Nf3 d6 3. Be2 Nf6 4. Nc3 Be7 5. O-O O-O 6. d4 exd4 7. Nxd4 Nc6 8.
f4 Nxd4 9. Qxd4 c5 10. Qd1 Be6 11. Bf3 Nd7 12. Qe2 Nb6 13. b3 Qc7 14. Nb5 Qd8
15. Bb2 c4 16. Rad1 a6 17. Nd4 cxb3 18. cxb3 Bd7 19. Rfe1 Rc8 20. Nf5 Bxf5 21.
exf5 Rc7 22. Qf2 Nc8 23. Re2 b5 24. g4 d5 25. Rxd5 Nd6 26. Ba3 Rd7 27. Red2 Qb8
28. g5 Rfd8 29. Kg2 b4 30. Bb2 Qc7 31. Bg4 Ne4 32. Qd4 Bf6 33. Rxd7 Bxd4 34.
Rxc7 Nxd2 35. Bxd4 h6 36. Be5 hxg5 37. fxg5 Ne4 38. Bf4 Nc3 39. f6 g6 40. Rc8
Rxc8 41. Bxc8 a5 42. Ba6 a4 43. Bc4 axb3 44. axb3 Ne4 45. Kf3 Nc3 46. Bd2 Na2
47. h4 Kf8 48. Ke3 Ke8 49. Kd4 Kf8 50. Kc5 Ke8 51. Bxb4 Nxb4 52. Kxb4 Kf8 53.
Kc5 1-0

[Event "Faxe Dags EMT 2017"]
[Site "Faxe"]
[Date "2017.04.05"]
[Round "1.14"]
[White "Nielsen, Henning Sogaard"]
[Black "Eckert, Svend"]
[Result "0-1"]
[WhiteElo "1085"]
[BlackElo "1628"]
[PlyCount "70"]
[EventDate "2017.??.??"]

1. f4 d5 2. e3 Nf6 3. d4 e6 4. Nf3 c5 5. c3 Nc6 6. Nbd2 a6 7. Be2 Ng4 8. Nf1 c4
9. b3 b5 10. h3 Nf6 11. N1d2 Be7 12. g3 h5 13. b4 a5 14. bxa5 Qxa5 15. Bb2 b4
16. Qc1 bxc3 17. Bxc3 Bb4 18. Bxb4 Nxb4 19. a3 Ne4 20. axb4 Qxa1 21. O-O Qxc1
22. Rxc1 Nxg3 23. Bd1 Nf5 24. Kf2 Ra3 25. Nf1 Ba6 26. Be2 Ke7 27. Ne5 Bb5 28.
Rc2 g6 29. Rc1 Rha8 30. Nf3 Rb3 31. Ne1 Rxb4 32. Nc2 Rb2 33. Ra1 Rxa1 34. Nxa1
Ra2 35. Nb3 cxb3 0-1

[Event "Faxe Dags EMT 2017"]
[Site "Faxe"]
[Date "2017.04.12"]
[Round "2.1"]
[White "Alic, Ohran"]
[Black "Arnkilde, Anders"]
[Result "0-1"]
[WhiteElo "1660"]
[BlackElo "1974"]
[PlyCount "132"]
[EventDate "2017.??.??"]

1. e4 c5 2. Nf3 Nc6 3. Nc3 e5 4. Bc4 d6 5. h3 Be7 6. Nd5 Nf6 7. Nxe7 Qxe7 8. d3
O-O 9. Bg5 Nd8 10. Qd2 Ne6 11. Bh4 Nf4 12. Rg1 a6 13. a4 Ng6 14. Bg5 Be6 15.
Bxf6 Qxf6 16. Qg5 Qd8 17. Qxd8 Raxd8 18. O-O-O Bd7 19. Bb3 Ne7 20. Nd2 b5 21.
axb5 axb5 22. c4 Nc6 23. Nf3 Na5 24. Kc2 Rb8 25. Nd2 Nxb3 26. Kxb3 bxc4+ 27.
Kxc4 Rxb2 28. Kc3 Rb6 29. Nc4 Rc6 30. Rb1 f5 31. f3 Be6 32. Rb6 Rxb6 33. Nxb6
Rb8 34. exf5 Rxb6 35. fxe6 d5 36. Re1 Rxe6 37. f4 Kf7 38. fxe5 Ra6 39. d4 cxd4+
40. Kxd4 Ke6 41. Rb1 Ra4+ 42. Kd3 Kxe5 43. Rb7 Ra3+ 44. Ke2 Rg3 45. Kf2 Rg6 46.
g4 Kd4 47. Ke2 h6 48. Ra7 Re6+ 49. Kd2 g5 50. Ra4+ Ke5 51. Kd3 Rb6 52. Ra3 Rb4
53. Ke2 Rb2+ 54. Kf3 Rb4 55. Ra6 Rf4+ 56. Kg3 Rf6 57. Ra4 d4 58. h4 gxh4+ 59.
Kxh4 d3 60. g5 hxg5+ 61. Kxg5 Rd6 62. Ra1 d2 63. Rd1 Ke4 64. Kg4 Ke3 65. Kg3
Rg6+ 66. Kh2 Ke2 0-1

[Event "Faxe Dags EMT 2017"]
[Site "Faxe"]
[Date "2017.04.12"]
[Round "2.2"]
[White "Laursen, Kurt Kjaer"]
[Black "Lindskov, Villy"]
[Result "1/2-1/2"]
[WhiteElo "1629"]
[BlackElo "1755"]
[PlyCount "61"]
[EventDate "2017.??.??"]

1. d4 Nf6 2. c4 e6 3. Nf3 b6 4. e3 Bb7 5. Be2 Bb4+ 6. Nc3 O-O 7. O-O Bxc3 8.
bxc3 c5 9. a4 d5 10. Ba3 Nbd7 11. Rb1 Qc7 12. cxd5 Nxd5 13. Qb3 N5f6 14. Rfd1
Rfe8 15. Nd2 Rad8 16. Bf3 Bxf3 17. Nxf3 h6 18. Rbc1 Ne4 19. Qc2 Qc6 20. c4 Nef6
21. Qb3 Qc7 22. Bb2 Ne4 23. Ne1 cxd4 24. exd4 Ndf6 25. Nd3 Rc8 26. f3 Nd6 27.
Ne5 Nb7 28. Qa3 Nd7 29. Nd3 Na5 30. c5 Nf6 31. Nb4 1/2-1/2

[Event "Faxe Dags EMT 2017"]
[Site "Faxe"]
[Date "2017.04.12"]
[Round "2.3"]
[White "Eckert, Svend"]
[Black "Sorensen, Lindved"]
[Result "0-1"]
[WhiteElo "1628"]
[BlackElo "1695"]
[PlyCount "148"]
[EventDate "2017.??.??"]

1. c4 Nf6 2. d4 c5 3. e3 e6 4. Nc3 cxd4 5. exd4 Bb4 6. Bd2 Nc6 7. Nf3 O-O 8.
Qc2 d5 9. c5 b6 10. a3 Bxc3 11. Bxc3 bxc5 12. dxc5 Ne4 13. Bd3 f5 14. b4 d4 15.
Bb2 Ng5 16. Nd2 e5 17. O-O Be6 18. f3 Ne7 19. Rfe1 Qc7 20. Nc4 Nf7 21. Re2 Nd5
22. Rae1 Nf4 23. Rd2 Nxd3 24. Qxd3 Rae8 25. Rde2 Bd7 26. Qb3 Kh8 27. Qc2 Bb5
28. a4 Bxc4 29. Qxc4 Qd7 30. c6 Rc8 31. b5 Qc7 32. Qd3 f4 33. Ba3 Rfd8 34. Bb4
Rd5 35. Qc4 Rcd8 36. Rd2 Ng5 37. Qd3 Ne6 38. Rc1 Rb8 39. Qe4 Rbd8 40. Qf5 Re8
41. Qe4 Red8 42. Rd3 g6 43. Qe1 Rc8 44. Ba5 Qb8 45. Qe4 Rc5 46. Qe1 Qd6 47.
Rcd1 Rc4 48. Ra1 Nc5 49. Bb4 Nxd3 50. Bxd6 Nxe1 51. Rxe1 Rxa4 52. Bxe5+ Kg8 53.
Re4 Ra1+ 54. Kf2 Ra2+ 55. Re2 Rxe2+ 56. Kxe2 Re8 57. Kd3 Rxe5 58. Kxd4 Re8 59.
Kc5 Kf7 60. Kd6 Re6+ 61. Kd7 Re2 62. c7 Rd2+ 63. Kc6 Ke7 64. c8=N+ Kd8 65. Nxa7
Rxg2 66. b6 Rb2 67. b7 Rc2+ 68. Kb6 Rb2+ 69. Ka6 Kc7 70. Nb5+ Rxb5 71. Kxb5 g5
72. Kc4 h5 73. Kd3 g4 74. Ke4 g3 0-1

[Event "Faxe Dags EMT 2017"]
[Site "Faxe"]
[Date "2017.04.12"]
[Round "2.4"]
[White "Hansen, Aage"]
[Black "Gregor, Jan"]
[Result "1-0"]
[WhiteElo "1676"]
[BlackElo "1530"]
[PlyCount "135"]
[EventDate "2017.??.??"]

1. b3 d5 2. Bb2 c5 3. e3 Nc6 4. Nf3 f6 5. d4 cxd4 6. exd4 Bg4 7. Be2 e6 8. O-O
Bd6 9. Re1 Nge7 10. h3 Bh5 11. Bd3 Bf7 12. Nbd2 O-O 13. Rc1 Nb4 14. a3 Nxd3 15.
cxd3 Rc8 16. b4 Qd7 17. Nb3 b6 18. Re2 Rxc1 19. Nxc1 Rc8 20. Na2 Ng6 21. g3 Qc7
22. Kg2 e5 23. dxe5 fxe5 24. Nc3 a6 25. Ng5 d4 26. Nce4 Bd5 27. Kh2 Be7 28. Nf3
Rf8 29. Rc2 Qb7 30. Qe2 Rd8 31. Nfd2 Rc8 32. Qd1 Be6 33. h4 Rxc2 34. Qxc2 Qc8
35. Qd1 Qd8 36. Nf3 Bg4 37. Qb3+ Kh8 38. Nfg5 Bxg5 39. Nxg5 Qc8 40. Nf7+ Kg8
41. Nd8+ Kh8 42. Nf7+ Kg8 43. Ng5+ Kh8 44. f3 Bd7 45. h5 Nf8 46. Nf7+ Kg8 47.
Nxe5+ Be6 48. Qd1 Qd8 49. Qd2 h6 50. Qf4 Qg5 51. Qxg5 hxg5 52. Bxd4 b5 53. Be3
Nd7 54. Nxd7 Bxd7 55. Bxg5 Bf5 56. d4 Kf7 57. Kg2 Ke6 58. Kf2 Kd5 59. Ke3 Kc4
60. Kf4 Bd7 61. Ke5 Kb3 62. Bc1 Kc4 63. g4 Kd3 64. g5 Be8 65. h6 gxh6 66. gxh6
Bg6 67. d5 Kc2 68. d6 1-0

[Event "Faxe Dags EMT 2017"]
[Site "Faxe"]
[Date "2017.04.12"]
[Round "2.5"]
[White "Andersen, Bjarne Hjorth"]
[Black "Jakobsen, Henning"]
[Result "1-0"]
[WhiteElo "1914"]
[BlackElo "1352"]
[PlyCount "59"]
[EventDate "2017.??.??"]

1. e4 d6 2. d4 Nf6 3. Nc3 g6 4. f4 Bg7 5. Nf3 Bg4 6. h3 Bxf3 7. Qxf3 Nc6 8. Be3
O-O 9. g4 Nd7 10. O-O-O e5 11. dxe5 dxe5 12. f5 Nd4 13. Qf2 c5 14. Nd5 Nb6 15.
f6 Nxd5 16. fxg7 Kxg7 17. exd5 Qxd5 18. Qh4 Kg8 19. Bh6 Qxh1 20. Qf6 Ne6 21.
Bc4 Qxh3 22. Bxf8 Qe3+ 23. Kb1 Qf4 24. Qxf4 exf4 25. Bh6 Rc8 26. Bxe6 fxe6 27.
Bxf4 Rf8 28. Bh6 Rf7 29. Rd8+ Rf8 30. Rxf8# 1-0

[Event "Faxe Dags EMT 2017"]
[Site "Faxe"]
[Date "2017.04.12"]
[Round "2.6"]
[White "Hansen, Borge"]
[Black "Petersen, Bent"]
[Result "0-1"]
[WhiteElo "1523"]
[BlackElo "1885"]
[PlyCount "175"]
[EventDate "2017.??.??"]

1. d4 Nf6 2. c4 d5 3. e3 c6 4. Nf3 e6 5. Be2 Bd6 6. O-O O-O 7. Nbd2 Nbd7 8. a3
Re8 9. c5 Bc7 10. b4 e5 11. dxe5 Nxe5 12. Bb2 Ng6 13. Bd3 Ne5 14. Be2 Bf5 15.
Nxe5 Bxe5 16. Bxe5 Rxe5 17. Nf3 Re8 18. Nd4 Bd7 19. Qc2 Re5 20. Rad1 Qc7 21.
Rfe1 Rae8 22. Bf3 Rg5 23. Qd2 h6 24. Kh1 Qc8 25. Ne2 Bg4 26. Bxg4 Qxg4 27. Nf4
Ne4 28. Qc2 Qf5 29. Re2 Qf6 30. Rd4 Rge5 31. Qb2 h5 32. Kg1 h4 33. Nd3 R5e6 34.
Nf4 R6e7 35. Rd3 Qf5 36. Rd4 Ng5 37. Nd3 Ne6 38. Rxh4 Qxd3 39. Rd2 Qf5 40. Rh3
Qf6 41. Qc2 g6 42. Rf3 Qe5 43. Rd1 Kg7 44. h3 Rh8 45. Rg3 Rh5 46. Re1 Kg8 47.
Rg4 Rg5 48. Rd4 Rh5 49. Rg4 Ng7 50. Rd1 Qf5 51. Qc3 Kh7 52. Rdd4 Qe5 53. Qc2
Nf5 54. Rd1 Qf6 55. Rf4 Qg5 56. Kf1 Rh4 57. Rf3 Ree4 58. g4 Nh6 59. Ke2 Kg8 60.
Qc3 Qe5 61. Qd2 Rc4 62. Kf1 Qc3 63. Qd3 Qxd3+ 64. Rxd3 Kg7 65. Ke2 f6 66. Kd2
Nf7 67. Rf4 Ne5 68. Rc3 Rxc3 69. Kxc3 Rxh3 70. Kd4 Rh4 71. f3 Nd7 72. e4 g5 73.
Rf5 dxe4 74. Kxe4 Rh1 75. f4 Re1+ 76. Kd3 gxf4 77. Rxf4 Ra1 78. Kd4 Kf7 79. g5
Rxa3 80. Kc4 Rg3 81. b5 Ne5+ 82. Kb4 Rg4 83. Rxg4 Nxg4 84. gxf6 Nxf6 85. bxc6
bxc6 86. Ka5 Ke6 87. Ka6 Kd5 88. Kxa7 0-1

[Event "Faxe Dags EMT 2017"]
[Site "Faxe"]
[Date "2017.04.12"]
[Round "2.7"]
[White "Andersen, Hans E"]
[Black "Heidelbach, John"]
[Result "1/2-1/2"]
[WhiteElo "1574"]
[BlackElo "1866"]
[PlyCount "45"]
[EventDate "2017.??.??"]

1. e4 c6 2. Nc3 d6 3. b3 e5 4. d4 Qc7 5. d5 Nf6 6. Bg5 Be7 7. Bxf6 Bxf6 8. a4
O-O 9. Qf3 a5 10. h4 Be7 11. g4 Na6 12. O-O-O Nb4 13. g5 cxd5 14. exd5 f5 15.
Bc4 Bd7 16. Kb2 Qc8 17. Qe2 Bd8 18. Qd2 Bb6 19. f4 e4 20. Nge2 Qc5 21. Qd4 Qc7
22. Qd2 Qc5 23. Qd4 1/2-1/2

[Event "Faxe Dags EMT 2017"]
[Site "Faxe"]
[Date "2017.04.12"]
[Round "2.8"]
[White "Zachariassen, John"]
[Black "Pedersen, Kim Bjorn"]
[Result "1-0"]
[WhiteElo "1834"]
[BlackElo "1609"]
[PlyCount "73"]
[EventDate "2017.??.??"]

1. c4 c5 2. Nf3 Nf6 3. g3 Nc6 4. Bg2 g6 5. Nc3 Bg7 6. O-O O-O 7. d3 d6 8. Bd2
Rb8 9. h3 a6 10. a4 Bd7 11. Qc1 Nb4 12. Bh6 b5 13. Bxg7 Kxg7 14. axb5 axb5 15.
Qd2 Qc7 16. cxb5 Bxb5 17. d4 Bc6 18. Rfc1 Ra8 19. Rxa8 Rxa8 20. dxc5 dxc5 21.
e4 Rd8 22. Qe3 Nd3 23. Rc2 Nb4 24. Re2 Bb7 25. e5 Nfd5 26. Nxd5 Bxd5 27. Rd2
Bxf3 28. Rxd8 Bxg2 29. Rd2 Bxh3 30. f4 Qa7 31. Kh2 Bf5 32. e6 Bxe6 33. Qe5+ Kh6
34. g4 Nd5 35. g5+ Kh5 36. Kg3 Nxf4 37. Qxf4 1-0

[Event "Faxe Dags EMT 2017"]
[Site "Faxe"]
[Date "2017.04.12"]
[Round "2.9"]
[White "Stuhr, Finn"]
[Black "Adrian, Michael"]
[Result "1-0"]
[WhiteElo "1636"]
[BlackElo "1505"]
[PlyCount "69"]
[EventDate "2017.??.??"]

1. e4 e6 2. d4 d5 3. e5 c5 4. c3 Nc6 5. Nf3 Qb6 6. Bd3 Nh6 7. a3 Bd7 8. Bc2
cxd4 9. cxd4 Nf5 10. Bxf5 exf5 11. O-O Be7 12. b4 Rc8 13. Be3 f6 14. Nc3 Be6
15. Qb3 Qd8 16. Rfd1 O-O 17. Ne2 g5 18. Rac1 a6 19. Qd3 g4 20. exf6 Bxf6 21.
Nd2 Bg5 22. Nf4 Bxf4 23. Bxf4 h5 24. Nb3 Qf6 25. Nc5 Qf7 26. Re1 Rfe8 27. Rc2
Kh7 28. Rce2 Nd8 29. g3 Rc6 30. Bg5 b6 31. Nxa6 Kg6 32. Bd2 Bd7 33. Rxe8 Bxe8
34. Qe3 Re6 35. Qh6# 1-0

[Event "Faxe Dags EMT 2017"]
[Site "Faxe"]
[Date "2017.04.12"]
[Round "2.10"]
[White "Nielsen, Per Henrik Axel"]
[Black "Larsen, Alex Oksenbol"]
[Result "1-0"]
[WhiteElo "1874"]
[BlackElo "1219"]
[PlyCount "31"]
[EventDate "2017.??.??"]

1. e4 c5 2. Nf3 Nc6 3. Bb5 d6 4. O-O Bd7 5. Re1 g6 6. c3 Bg7 7. d4 cxd4 8. cxd4
a6 9. Bxc6 bxc6 10. Nc3 Bg4 11. Be3 Nf6 12. h3 Bd7 13. e5 Nd5 14. Nxd5 cxd5 15.
exd6 exd6 16. Bg5+ 1-0

[Event "Faxe Dags EMT 2017"]
[Site "Faxe"]
[Date "2017.04.12"]
[Round "2.11"]
[White "Nielsen, Kurt Sogaard"]
[Black "Larsen, Poul Erik"]
[Result "1-0"]
[WhiteElo "1710"]
[BlackElo "1300"]
[PlyCount "85"]
[EventDate "2017.??.??"]

1. d4 e6 2. Nf3 Nf6 3. c4 Be7 4. Nc3 d5 5. g3 b6 6. Bg2 Bb7 7. O-O O-O 8. b3
Bb4 9. Bb2 a5 10. cxd5 Bxc3 11. Bxc3 Nxd5 12. Bb2 Nc6 13. e4 Ba6 14. Re1 Ndb4
15. Re3 Ne7 16. Ne5 Rc8 17. a3 Nbc6 18. Nxc6 Nxc6 19. Rc1 Ne7 20. b4 axb4 21.
axb4 Bb7 22. b5 Qd7 23. Qd3 c6 24. bxc6 Nxc6 25. Qb5 Qd8 26. d5 Na7 27. Qd3
Rxc1+ 28. Bxc1 Qc8 29. Re1 exd5 30. exd5 Qd7 31. Be3 Re8 32. Rd1 Nc8 33. h4 b5
34. Kh2 Nd6 35. Bh3 f5 36. Bf4 Ne4 37. Kg1 Rc8 38. Qxe4 g6 39. Qe6+ Qxe6 40.
dxe6 Bf3 41. Re1 Kf8 42. Bf1 Rc5 43. Bd6+ 1-0

[Event "Faxe Dags EMT 2017"]
[Site "Faxe"]
[Date "2017.04.12"]
[Round "2.12"]
[White "Refsgaard, Kaj"]
[Black "Frederiksen, Helge"]
[Result "1-0"]
[WhiteElo "1625"]
[BlackElo "1296"]
[PlyCount "101"]
[EventDate "2017.??.??"]

1. Nf3 Nf6 2. d4 e6 3. Bf4 Nc6 4. e3 d5 5. a3 a6 6. Bd3 Be7 7. Nbd2 Nh5 8. Bg3
Nxg3 9. hxg3 g6 10. Qe2 Bf6 11. c3 Qe7 12. Nh2 Bg7 13. f4 f5 14. O-O-O Bd7 15.
Nb3 b6 16. Bxa6 Nb8 17. Bb5 Bxb5 18. Qxb5+ Qd7 19. Qxd7+ Nxd7 20. g4 Kf7 21.
gxf5 gxf5 22. Nf3 h6 23. Ne5+ Nxe5 24. dxe5 c5 25. Rdg1 h5 26. Rh3 Rh7 27. Nd2
Ke7 28. Rgh1 Rah8 29. Nf1 Kf7 30. Kd2 Bf8 31. Ng3 Kg6 32. Ne2 Be7 33. Ng1 Kf7
34. Nf3 Kg6 35. Rg3+ Kf7 36. Ke2 Rg7 37. Rhh3 h4 38. Rxg7+ Kxg7 39. Kd3 c4+ 40.
Ke2 Kf7 41. g3 Rg8 42. gxh4 Rg2+ 43. Kd1 Rxb2 44. Ng5+ Kg6 45. h5+ Kh6 46. Nf7+
Kg7 47. h6+ Kh7 48. Ng5+ Bxg5 49. fxg5 Rg2 50. Rh5 Ra2 51. g6+ 1-0

[Event "Faxe Dags EMT 2017"]
[Site "Faxe"]
[Date "2017.04.12"]
[Round "2.13"]
[White "Mathiasen, Gunnar"]
[Black "Meldal, Peter"]
[Result "1-0"]
[WhiteElo "1494"]
[BlackElo "1158"]
[PlyCount "101"]
[EventDate "2017.??.??"]

1. d4 Nf6 2. c4 g6 3. Nc3 d5 4. e3 Bg7 5. Nf3 c6 6. b3 O-O 7. Bd3 Bg4 8. h3 Bc8
9. O-O e6 10. Bb2 Nbd7 11. Qc2 c5 12. cxd5 cxd4 13. Nxd4 Ne5 14. dxe6 fxe6 15.
Be2 a6 16. Rad1 Qc7 17. Rd2 Nd5 18. Rc1 Nxc3 19. Bxc3 Qf7 20. Nf3 Nxf3+ 21.
Bxf3 Bxc3 22. Qxc3 Rb8 23. Qe5 Ra8 24. Rc7 Qf6 25. Qxf6 Rxf6 26. Bxb7 Bxb7 27.
Rxb7 Rc8 28. Rb6 a5 29. Rdd6 Rc1+ 30. Kh2 Rc2 31. Rb8+ Kg7 32. Rd7+ Kh6 33. f4
g5 34. Rbb7 gxf4 35. Rxh7+ Kg6 36. Rbg7+ Kf5 37. Rh5+ Ke4 38. exf4 Rxf4 39.
Rxa5 Rff2 40. Rg4+ Kd3 41. Rg3+ Kd4 42. Ra4+ Kc5 43. a3 Kd5 44. b4 Rf1 45. Ra5+
Ke4 46. b5 Rcc1 47. Rb3 Kf5 48. b6+ Kf4 49. Ra4+ Kf5 50. b7 Rh1+ 51. Kg3 1-0